Pokémon Donjon Mystère Equipe de Secours Rouge-Zones d'Accueil - Statistiques

Statistiques générales
  • Ce quiz a été pris 6 fois
  • Le résultat moyen est 20 sur 56
Statistiques - réponses
Zones d'accueil % Correct
Centrale
100%
Banquise
83%
Bois Champignon
83%
Mare Carapace
83%
Bois Morphing
67%
Forêt de l'Essor
67%
Marais Venimeux
67%
Mt Escarpé
67%
Plaines Brûlées
67%
Bois Dynamique
50%
Cime Arc-en-Ciel
50%
Cratère
50%
Fonds Marins
50%
Grotte Dragon
50%
Ile Légendaire
50%
Jungle
50%
Labo Abandonné
50%
Mt Clair de Lune
50%
Océan de Verdure
50%
Plateau Azur
50%
Savane
50%
Bois des Brumes
33%
Col Ténébreux
33%
Grotte Echos
33%
Grotte Magnétique
33%
Lac Cascade
33%
Lac Mystique
33%
Mer aux Trésors
33%
Mt Exigence
33%
Plage Sablefin
33%
Plateau Orageux
33%
Rivière Glouglou
33%
Temple Ancien AN
33%
Temple Ancien O?
33%
Terres Sacrées
33%
Bois Occulte
17%
Caverne de Glace
17%
Courants Marins
17%
Désert Fournaise
17%
Grotte Mystère
17%
Grotte Rocheuse
17%
Ile de la Fin
17%
Ile Enclavée
17%
Ile Méridionale
17%
Marais Roseaux
17%
Mer Sérénité
17%
Mt Verdoyant
17%
Plaine de Beauté
17%
Plaines Sauvages
17%
Ruines Antiques
17%
Terres Arides
17%
Forêt Apasiement
0%
Grotte Océan
0%
Mare aux Têtards
0%
Mer de Nuages
0%
Mer Prospérité
0%
Aucun quiz correspondant
Distribution des résultats
% des personnes avec chaque résultat
Percentile par nombre de réponses
Votre historique - résultats
Vous n’avez pas pris ce quiz